Click! Quiz Stats

 Plays Quiz Updated Dec 2, 2013

Support Sporcle.
Go Orange.
Score 0/300 Timer 03:00
2 Plays Today
% Correct
81.9%
81.8%
81.8%
81.8%
81.8%
81.8%
81.8%
81.8%
81.8%
81.8%
81.8%
81.7%
81.7%
81.7%
81.8%
81.7%
81.7%
81.7%
81.7%
81.7%
81.7%
81.7%
81.7%
81.7%
81.7%
81.7%
81.7%
81.7%
81.7%
81.7%
81.7%
81.7%
81.7%
81.7%
81.7%
81.7%
81.7%
81.7%
81.7%
81.7%
81.7%
81.7%
81.7%
81.7%
81.7%
81.7%
81.7%
81.7%
81.6%
81.6%
81.6%
81.6%
81.6%
81.6%
81.6%
81.6%
81.6%
81.6%
81.6%
81.6%
81.6%
81.6%
81.6%
81.6%
81.6%
81.6%
81.6%
81.6%
81.6%
81.6%
81.6%
81.6%
81.6%
81.6%
81.6%
81.6%
81.6%
81.6%
81.6%
81.6%
81.6%
81.6%
81.6%
81.6%
81.6%
81.6%
81.6%
81.6%
81.6%
81.6%
81.6%
81.6%
81.6%
81.6%
81.6%
81.6%
81.6%
81.6%
81.6%
81.6%
% Correct
81.6%
81.6%
81.6%
81.6%
81.6%
81.6%
81.6%
81.5%
81.5%
81.6%
81.6%
81.6%
81.5%
81.5%
81.6%
81.5%
81.5%
81.5%
81.5%
81.5%
81.5%
81.5%
81.5%
81.5%
81.5%
81.5%
81.5%
81.5%
81.5%
81.5%
81.5%
81.5%
81.5%
81.5%
81.5%
81.5%
81.5%
81.5%
81.5%
81.5%
81.5%
81.5%
81.5%
81.5%
81.5%
81.5%
81.5%
81.5%
81.5%
81.5%
81.5%
81.5%
81.5%
81.5%
81.5%
81.5%
81.5%
81.5%
81.5%
81.5%
81.5%
81.5%
81.5%
81.5%
81.5%
81.5%
81.5%
81.5%
81.5%
81.5%
81.5%
81.5%
81.5%
81.5%
81.5%
81.5%
81.5%
81.5%
81.5%
81.5%
81.5%
81.5%
81.4%
81.4%
81.4%
81.4%
81.4%
81.4%
81.4%
81.4%
81.4%
81.4%
81.4%
81.4%
81.4%
81.4%
81.4%
81.4%
81.4%
81.4%
% Correct
81.4%
81.4%
81.4%
81.4%
81.4%
81.4%
81.4%
81.4%
81.4%
81.4%
81.4%
81.4%
81.4%
81.4%
81.4%
81.4%
81.4%
81.4%
81.4%
81.4%
81.4%
81.4%
81.4%
81.4%
81.4%
81.4%
81.4%
81.4%
81.4%
81.4%
81.4%
81.4%
81.4%
81.4%
81.4%
81.4%
81.4%
81.4%
81.4%
81.4%
81.4%
81.4%
81.4%
81.4%
81.4%
81.4%
81.3%
81.4%
81.4%
81.4%
81.4%
81.3%
81.3%
81.3%
81.3%
81.3%
81.3%
81.3%
81.3%
81.3%
81.3%
81.3%
81.3%
81.3%
81.3%
81.3%
81.3%
81.3%
81.3%
81.3%
81.3%
81.3%
81.3%
81.3%
81.3%
81.3%
81.3%
81.3%
81.3%
81.3%
81.3%
81.2%
81.3%
81.3%
81.2%
81.2%
81.2%
81.2%
81.2%
81.2%
81.2%
81.2%
81.2%
81.2%
81.2%
81.2%
81.2%
81.2%
81.1%
81.1%

From the Vault

Fundamental Forces

by GeoExpert

Science 30s
We cannot force you to take this quiz.
Remove Ads.
Support Sporcle.
Get the best of Sporcle when you Go Orange. This ad-free experience offers more features, more stats, and more fun while also helping to support Sporcle. Thank you for becoming a member.

Show Comments

Extras

Top Quizzes Today


Score Distribution

Your Account Isn't Verified!

In order to create a playlist on Sporcle, you need to verify the email address you used during registration. Go to your Sporcle Settings to finish the process.

Report this User

Report this user for behavior that violates our Community Guidelines.

Details: